| 000 | 01105nas a2200349 4500 | ||
|---|---|---|---|
| 001 | BR0402942 | ||
| 003 | BR-BrBNA | ||
| 005 | 20231205104613.0 | ||
| 007 | ta | ||
| 008 | 230509b bl.|||p| |||| 00| 00por d | ||
| 040 |
_aBR-BrBNA _bpor _cBiblioteca Nacional de Agricultura |
||
| 041 | _a(Pt) | ||
| 072 | _aP10; F06 | ||
| 100 | 1 | _aMedeiros, J.F. de | |
| 100 | 1 | _aLisboa, R. de A. | |
| 100 | 1 | _aOliveira, M. de | |
| 100 | 1 | _aSilva Júnior, M.J. da | |
| 100 | 1 | _aAlves, L.P. | |
| 245 | 1 | _aCaracterização das águas subterrâneas usadas para irrigação na área produtora de melão da Chapada do Apodi | |
| 650 | _aMELÃO | ||
| 650 | _aQUALIDADE DA ÁGUA | ||
| 650 | _aÁGUA SALINA | ||
| 650 | _aÁGUAS SUBTERRÂNEAS | ||
| 650 | _aÁGUA DE IRRIGAÇÃO | ||
| 650 | _aIRRIGAÇÃO | ||
| 650 | _aCALCÁRIO | ||
| 650 | _aPROPRIEDADE FÍSICO-QUÍMICA | ||
| 650 | _aCEARÁ | ||
| 773 | 0 |
_tRevista Brasileira de Engenharia Agrícola e Ambiental (Brazil) _xISSN 1415-4366 _g(Sep-Dec 2003), v. 7(3) p. 469-472 _wBR0402942 |
|
| 909 |
_a202311 _bLúcia _c55 _dLúcia Elande |
||
| 942 |
_2AGRIS _n0 _cANA |
||
| 999 |
_c178916 _d178916 |
||